Five Layers of the Atmosphere Quiz - Statistics

General Stats
  • This quiz has been taken 55 times
  • The average score is 3 of 5
Answer Stats
Hint Answer % Correct
0-12 km Troposphere
86%
12-50 km Stratosphere
76%
700-10,000 km Exosphere
43%
50-80 km Mesosphere
43%
80-700 km Thermosphere
33%
No matching quizzes found
Score Distribution
Percent of People with Each Score
Percentile by Number Answered
Your Score History
You have not taken this quiz